01344nam a2200361Ia 4500001001200000003000800012006001900020007001500039008004100054010001700095015001600112020001800128020002200146020002200168040002100190035002000211050002400231082001500255100001700270245007700287260005200364300001100416490005100427504006600478533015200544650002900696650001600725655002900741710001700770830005200787856012600839999001700965ebr10076712CaPaEBRm u cr cn|||||||||040302s2004 enk sb 001 0 eng d z 2004102657 aGB A4-X7569 z9781412932103 z0761971386 (hbk.) z0761971394 (pbk.) aCaPaEBRcCaPaEBR a(OCoLC)7077407814aRC454b.G365 2004eb04a616.892221 aGask, Linda.12aA short introduction to psychiatryh[electronic resource] /cLinda Gask. aLondon ;aThousand Oaks, Calif. :bSAGE,c2004. a175 p.1 aShort introductions to the therapy professions aIncludes bibliographical references (p. [155]-166) and index. aElectronic reproduction.bPalo Alto, Calif. :cebrary,d2009.nAvailable via World Wide Web.nAccess may be limited to ebrary affiliated libraries. 0aMedicine and psychology. 0aPsychiatry. 7aElectronic books.2local2 aebrary, Inc. 0aShort introductions to the therapy professions.40uhttp://site.ebrary.com/lib/rucke/Doc?id=10076712zAn electronic book accessible through the World Wide Web; click to view c72948d72948